1346 1465 1700 1238 1252 1676 1689 1010 1899 1531 1820 1315 1266 1032 1054 1943 1988 1967 1166 1575 1542 1478 1049 1404 1786 1233 1792 1670 1648 1808 1366 1103 1157 1042 1274 1743 1867 1046 1709 1865 1387 1099 1646 1237 1472 1997 1796 1193 1169 1277 1853 1259 1239 1636 1757 1443 1599 1322 1312 1539 1605 1624 1635 1354 1052 1247 1650 1624 1813 1838 1761 1714 1824 1604 1596 1921 1678 1602 1361 1116 1586 1319 1871 1126 1203 1254 1245 1322 1004 1205 1068 1802 1670 1059 1359 1446 1540 1182 1709 BCNSPRNW ULIB Ver.6.0+V

เปลี่ยนเป็นภาษาไทย

Change to English
 แสดงรายละเอียดบรรณานุกรม
  กลับหน้าหลัก

Brief Record : Get Marc (ISO 2709) : E-mail record : QR code < ปิดหน้าต่าง
LEADER : 00000nam 2200000uu 4500
001    13399114620
003     ULIB
008    120424s2552||||th 000 0 tha d
020    ^a9789743931093
050  4 ^aBQ4487^bส197ต 2552
100 0  ^aดร.สนอง วรอุไร
245 10 ^aตายแล้วฟื้นตื่นมาเล่า /^cดร.สนอง วรอุไร
250    ^aพิมพ์ครั้งที่ 6
260    ^aกรุงเทพฯ :^bอมรินทร์ธรรมะ,^c2552
300    ^a149 หน้า ;^c21 ซม.
650  4 ^aความตาย^xแง่ศาสนา
650  4 ^aนรก
650  4 ^aวิญญาณ
945    ^p120^l0^i16670
995    ^aกัณชพร
999 ^a ใช้งานได้ทุกระบบ
รายการนี้ยังไม่มีแท็ก
คุณยังไม่ได้ล็อกอิน คุณสามารถมีกิจกรรมร่วมกับเว็บไซต์ได้ แต่ต้องล็อกอินก่อน ::
  ล็อกอิน

รายการสื่อสารสนเทศ

ลำดับที่ ประเภท เลขเรียก/บาร์โค้ด สถานที่ สถานะ
- ไม่พบข้อมูล -

รายการใกล้เคียง
    หัวเรื่อง [วิญญาณ]

BibComment


ยังไม่เคยถูกคอมเมนท์

คอมเมนท์ทรัพยากรรายการนี้
  คอมเมนท์: ตายแล้วฟื้นตื่นม..


 Copyright 2026. Bcnsprnw @Library